00492 2200193 4500001002100000005001500021035002000036245005100056100001500107250000600122300003500128260003700163082001000200084001600210020002200226650001600248990001700264990001700281INLIS00000000000033820181005043627 a0010-10180000281 aBelajar Asyik Bahasa Arab Seri B /cUwes Qorny0 aUwes Qorny a- aiv, 60 hlm. :bilus. ;c25 cm. aBekasi :bCV Ananda Baika,c2009 a492.7 a492.7 UWE b a978-979-049-122-9 aBahasa Arab a01376/P/2018 a01377/P/2018